Wird geladen...

My philosophical development /

Bibliographische Detailangaben
1. Verfasser: Russell, Bertrand
Format: Printed Book
Sprache:English
Veröffentlicht: London : Unwin Books, 1975.
LEADER 00437nam a2200133Ia 4500
008 150624b xxu||||| |||| 00| 0 eng d
082 |a 192R 
100 |a Russell, Bertrand 
245 |a My philosophical development /  |c Bertrand Russell 
260 |a London :  |b Unwin Books,  |c 1975. 
300 |a 208 p. 
942 |c BK 
999 |c 23404  |d 23404 
952 |0 1  |1 0  |4 0  |6 192R_RUS_M  |7 0  |9 23403  |a UL  |b UL  |c ST1  |d 1998-08-28  |l 0  |o 192R RUS/M  |p 34509  |r 2012-10-27  |w 2012-10-27  |y BK